| 000 | 00623nam a2200169 i 4500 | ||
|---|---|---|---|
| 001 | 21790 | ||
| 003 | ES-MaACL | ||
| 005 | 20251011063052.0 | ||
| 007 | t| | ||
| 008 | 021127s1981 sp ||||1| spa d | ||
| 100 | 1 |
_aAlmagro Gorbea, Antonio, _d1948- _920075 |
|
| 245 | 1 | 0 |
_aTres monumentos islámicos restaurados por España en el mundo árabe _b: Qusayr' Amra, el Palacio Omeya de Amman, la Zauiya de Sidi Qasim en Túnez / _cAntonio Almagro Gorbea. |
| 260 |
_aMadrid : _bInstituto de España, _c1981. |
||
| 300 |
_a131 p., 37 lám. ; _c23 cm. |
||
| 852 |
_aES-MaACL _jL-6955 _bR.106194 |
||
| 999 |
_c21790 _d21790 |
||